000 00319nam a22001097a 4500
020 _a978-0-367-21082-3
040 _aDLC
_cDLC
_dDLC
082 _2624/.252 LAN
_bLAN
245 _aLoad testing of bridges
_b. Proof load testing and the future of load testing
_cEva O. L.
260 _aUK
_bCRC Press
_c2019
942 _2ddc
_cBK
999 _c593690
_d593690